| 000 | 00374nam a2200157Ia 4500 | ||
|---|---|---|---|
| 008 | 230312s9999||||xx |||||||||||||| ||und|| | ||
| 020 | _a0-06-500217-2 | ||
| 082 |
_a150 _bWAD-P |
||
| 100 | _aCarole Wade | ||
| 245 | 0 | _aPsychology | |
| 260 |
_bHarper Collins _aUSA _c1993 |
||
| 300 | _a698 | ||
| 546 | _aEng. | ||
| 650 |
_aPsychology _vInvitation to Psychology |
||
| 942 | _cBK | ||
| 999 |
_c2635 _d2635 |
||